Space, TIme and Gravity : (Record no. 2397)

000 -LEADER
fixed length control field nam a22 7a 4500
005 - DATE AND TIME OF LATEST TRANSACTION
control field 20170516115623.0
008 - FIXED-LENGTH DATA ELEMENTS--GENERAL INFORMATION
fixed length control field 170516b1977 enk||||| |||| 00| 0 eng d
020 ## - INTERNATIONAL STANDARD BOOK NUMBER
International Standard Book Number 0226870316
040 ## - CATALOGING SOURCE
Original cataloging agency AKMAL
082 ## - DEWEY DECIMAL CLASSIFICATION NUMBER
Classification number 523.1 WAL
090 ## - LOCALLY ASSIGNED LC-TYPE CALL NUMBER (OCLC); LOCAL CALL NUMBER (RLIN)
Classification number (OCLC) (R) ; Classification number, CALL (RLIN) (NR) 523.1
Local cutter number (OCLC) ; Book number/undivided call number, CALL (RLIN) WAL
100 ## - MAIN ENTRY--PERSONAL NAME
Personal name Robert M. Wald
9 (RLIN) 4993
245 ## - TITLE STATEMENT
Title Space, TIme and Gravity :
Remainder of title The Theory of the Big Bang and Black Holes /
Statement of responsibility, etc. Robert M. Wald
260 ## - PUBLICATION, DISTRIBUTION, ETC.
Place of publication, distribution, etc. Chicago :
-- London :
Name of publisher, distributor, etc. The University of Chicago Press
Date of publication, distribution, etc. 1977
300 ## - PHYSICAL DESCRIPTION
Extent 131p
Dimensions cm
500 ## - GENERAL NOTE
General note Includes Index
942 ## - ADDED ENTRY ELEMENTS (KOHA)
Source of classification or shelving scheme
Koha item type Book
Holdings
Withdrawn status Lost status Source of classification or shelving scheme Damaged status Not for loan Collection code Home library Current library Shelving location Date acquired Inventory number Total Checkouts Full call number Barcode Date last seen Price effective from Koha item type
          NON-FICTION AKMAL Melaka AKMAL Melaka PINJAMAN 16.05.2017 500077   523.1 WAL 201706736 16.05.2017 16.05.2017 Book
Pusat Sumber Maklumat Dato' Haji Sarmin Md Hussin, Akademi Kastam Diraja Malaysia, Melaka
Tel: 06-2331106 | Faks: 06-2313787